[Event "Araraquara op 2nd"]
[Site "Araraquara"]
[Date "2024.02.12"]
[Round "6"]
[White "Miranda, Bianca"]
[Black "Perego, Domingos Savio"]
[Result "0-1"]
[WhiteElo "1533"]
[BlackElo "1814"]
[PlyCount "50"]
[EventDate "2024.02.10"]
[EventType "swiss"]
[EventRounds "7"]
[EventCountry "BRA"]
[SourceTitle "CB09_2024"]
[SourceDate "2024.02.28"]
[SourceVersion "1"]
[SourceVersionDate "2024.02.28"]
[SourceQuality "1"]

1. e4 e5 2. Nf3 Nc6 3. Bb5 Nf6 4. 0-0 Ng4 5. c3 a6 6. Ba4 Bc5 7. d4 Ba7 8. Bxc6 dxc6 9. Nxe5 Nxe5 10. dxe5 Qe7 11. Bf4 g5 12. Bg3 h5 13. h3 h4 14. Bh2 g4 15. hxg4 Bd7 16. Qf3 0-0-0 17. Nd2 Rhg8 18. Kh1 Bxg4 19. Qf4 h3 20. g3 Rxd2 21. Qxd2 Bf3+ 22. Kg1 Qxe5 23. Rfb1 Rxg3+ 24. Kf1 Qb5+ 25. Ke1 Rg2 0-1

[Event "Araraquara op 2nd"]
[Site "Araraquara"]
[Date "2024.02.10"]
[Round "2"]
[White "Miranda, Bianca"]
[Black "Da Silva, Marcos Vinicius Ina"]
[Result "1-0"]
[WhiteElo "1533"]
[BlackElo "1800"]
[PlyCount "123"]
[EventDate "2024.02.10"]
[EventType "swiss"]
[EventRounds "7"]
[EventCountry "BRA"]
[SourceTitle "CB09_2024"]
[SourceDate "2024.02.28"]
[SourceVersion "1"]
[SourceVersionDate "2024.02.28"]
[SourceQuality "1"]

1. e4 c5 2. Nf3 Nc6 3. Bb5 e6 4. 0-0 Nge7 5. d4 cxd4 6. Nxd4 Ng6 7. Nc3 Be7 8. Be3 0-0 9. Qd2 a6 10. Be2 Bb4 11. a3 Ba5 12. Rad1 b5 13. Nb3 Bb6 14. Nc5 Qc7 15. f4 Rd8 16. f5 exf5 17. Nd5 Qa7 18. Nxb6 Qxb6 19. Ne6 dxe6 20. Bxb6 Rxd2 21. Rxd2 fxe4 22. c4 bxc4 23. Bxc4 Nge5 24. Rfd1 Bb7 25. Be2 h6 26. b4 Kh7 27. Rb2 g5 28. a4 Kg6 29. b5 axb5 30. Bxb5 Na5 31. Bc7 Nec4 32. Bxc4 Nxc4 33. Rxb7 Rxa4 34. Rb3 e3 35. Re1 f5 36. Bb6 f4 37. Bc5 Nd2 38. Rb4 Ra5 39. Bb6 Re5 40. Bd4 Rd5 41. Bc3 Kf5 42. Bxd2 Rxd2 43. Kf1 g4 44. Rb8 e5 45. Reb1 Rf2+ 46. Kg1 f3 47. R1b2 Rxb2 48. Rxb2 h5 49. gxf3 gxf3 50. Kf1 h4 51. Rb8 Ke4 52. Rg8 Kd3 53. Ke1 e4 54. Rg4 h3 55. Rh4 e2 56. Rxh3 Ke3 57. Rg3 Kf4 58. Kf2 e3+ 59. Ke1 Ke4 60. h4 Kf4 61. Rg8 Ke4 62. h5 1-0

[Event "Hebraica op 31st"]
[Site "Hebraica"]
[Date "2023.07.02"]
[Round "5"]
[White "Faris, Rafael de Araujo"]
[Black "Miranda, Bianca"]
[Result "0-1"]
[WhiteElo "1714"]
[BlackElo "1435"]
[PlyCount "74"]
[EventDate "2023.06.30"]
[EventType "swiss"]
[EventRounds "6"]
[EventCountry "BRA"]
[SourceTitle "CBM 215 Extra"]
[Source "ChessBase"]
[SourceDate "2023.09.30"]
[SourceVersion "1"]
[SourceVersionDate "2023.09.30"]
[SourceQuality "1"]

1. e4 c5 2. Nf3 d6 3. Bb5+ Bd7 4. Bxd7+ Qxd7 5. d4 cxd4 6. Nxd4 Nf6 7. Nc3 e6 8. Be3 Be7 9. g4 h6 10. g5 hxg5 11. Bxg5 Nc6 12. Nxc6 Qxc6 13. Qf3 Nxe4 14. Nxe4 Rh3 15. Nxd6+ Bxd6 16. Qxc6+ bxc6 17. Rd1 Rxh2 18. Rxh2 Bxh2 19. Rd3 Be5 20. b3 a6 21. Ke2 f6 22. Be3 Rd8 23. f4 Bc7 24. Rc3 Kd7 25. Rd3+ Kc8 26. Rxd8+ Kxd8 27. Kf3 Kd7 28. b4 Bd6 29. c3 e5 30. f5 Ke7 31. a3 Kf7 32. Kg4 e4 33. a4 g6 34. Bd4 Be5 35. b5 Bxd4 36. fxg6+ Kxg6 37. cxd4 cxb5 0-1

[Event "Hebraica op 31st"]
[Site "Hebraica"]
[Date "2023.07.01"]
[Round "3"]
[White "Lacerda, Vinicius"]
[Black "Miranda, Bianca"]
[Result "0-1"]
[WhiteElo "1776"]
[BlackElo "1435"]
[PlyCount "86"]
[EventDate "2023.06.30"]
[EventType "swiss"]
[EventRounds "6"]
[EventCountry "BRA"]
[SourceTitle "CBM 215 Extra"]
[Source "ChessBase"]
[SourceDate "2023.09.30"]
[SourceVersion "1"]
[SourceVersionDate "2023.09.30"]
[SourceQuality "1"]

1. d4 Nf6 2. Bg5 g6 3. Bxf6 exf6 4. e3 Bg7 5. c4 d5 6. Nc3 c6 7. cxd5 cxd5 8. g3 0-0 9. Bg2 Be6 10. Nge2 Na6 11. 0-0 Qd7 12. Nf4 Nc7 13. Qb3 Rfd8 14. Qxb7 Rdb8 15. Qxa8 Rxa8 16. Rac1 g5 17. Nd3 Rc8 18. Nc5 Qd6 19. Rfd1 f5 20. Ne2 Na6 21. Nd3 Rxc1 22. Rxc1 Nb4 23. Nc5 Nxa2 24. Ra1 Nb4 25. Rxa7 Bf8 26. Ra4 Qb6 27. Bf1 Bxc5 28. dxc5 Qxc5 29. Nd4 Nc6 30. Kg2 Nxd4 31. Rxd4 f4 32. gxf4 gxf4 33. Rxf4 Qc6 34. Rd4 Bf5 35. f3 Qh6 36. h4 Qxe3 37. Rxd5 Bh3+ 38. Kg3 Bxf1 39. h5 Kg7 40. b4 Qe1+ 41. Kg4 Qxb4+ 42. Kg3 Qe1+ 43. Kg4 Qe6+ 0-1

[Event "Florianopolis op 9th"]
[Site "Florianopolis"]
[Date "2023.01.28"]
[Round "9"]
[White "Miranda, Bianca"]
[Black "Mariani, Kim Paul"]
[Result "1/2-1/2"]
[WhiteElo "1800"]
[BlackElo "1382"]
[PlyCount "34"]
[EventDate "2023.01.23"]
[EventType "swiss"]
[EventRounds "10"]
[EventCountry "BRA"]
[SourceTitle "CBM 212 Extra"]
[Source "ChessBase"]
[SourceDate "2023.03.31"]
[SourceVersion "1"]
[SourceVersionDate "2023.03.31"]
[SourceQuality "1"]

1. e4 c5 2. Nf3 e6 3. c3 Nc6 4. Bb5 d6 5. 0-0 Nf6 6. Re1 Be7 7. d4 cxd4 8. cxd4 0-0 9. Nc3 Bd7 10. Bg5 a6 11. Ba4 Rc8 12. Qd2 b5 13. Bc2 Na5 14. Bd3 h6 15. Bh4 Nc4 16. Bxc4 Rxc4 17. e5 dxe5 1/2-1/2

[Event "Florianopolis op 9th"]
[Site "Florianopolis"]
[Date "2023.01.26"]
[Round "5"]
[White "Miranda, Bianca"]
[Black "Gomes, Joao Paulo Santos"]
[Result "0-1"]
[WhiteElo "1800"]
[BlackElo "1492"]
[PlyCount "44"]
[EventDate "2023.01.23"]
[EventType "swiss"]
[EventRounds "10"]
[EventCountry "BRA"]
[SourceTitle "CBM 212 Extra"]
[Source "ChessBase"]
[SourceDate "2023.03.31"]
[SourceVersion "1"]
[SourceVersionDate "2023.03.31"]
[SourceQuality "1"]

1. e4 c5 2. Nf3 d6 3. d4 cxd4 4. Nxd4 Nf6 5. Nc3 g6 6. Be2 Bg7 7. Be3 Nc6 8. Qd2 0-0 9. f3 d5 10. exd5 Nxd5 11. Nxd5 Qxd5 12. c3 Nxd4 13. Bxd4 Rd8 14. Rd1 Qxa2 15. 0-0 e5 16. Ra1 Qe6 17. f4 exd4 18. f5 Qe3+ 19. Qxe3 dxe3 20. fxg6 hxg6 21. Rad1 Be6 22. Bf3 Rd2 0-1

[Event "Florianopolis op 9th"]
[Site "Florianopolis"]
[Date "2023.01.24"]
[Round "2"]
[White "Miranda, Bianca"]
[Black "Carlos, Roberta Souto"]
[Result "0-1"]
[WhiteElo "1800"]
[BlackElo "1698"]
[PlyCount "102"]
[EventDate "2023.01.23"]
[EventType "swiss"]
[EventRounds "10"]
[EventCountry "BRA"]
[SourceTitle "CBM 212 Extra"]
[Source "ChessBase"]
[SourceDate "2023.03.31"]
[SourceVersion "1"]
[SourceVersionDate "2023.03.31"]
[SourceQuality "1"]

1. d4 Nf6 2. Bf4 d6 3. e3 g6 4. Nc3 Bg7 5. Bd3 0-0 6. Nge2 Nc6 7. Qd2 e5 8. Bg5 h6 9. Bh4 g5 10. Bg3 Re8 11. d5 Nb4 12. Bc4 Bf5 13. e4 Bg6 14. f3 a5 15. a3 Na6 16. Bb5 Re7 17. 0-0-0 Nb8 18. Ba4 Nbd7 19. Bf2 Nb6 20. Bb5 Nfd7 21. h4 f6 22. hxg5 fxg5 23. Ng3 Qf8 24. Be3 Rc8 25. Na4 Nxa4 26. Bxa4 Nb6 27. Bb5 Be8 28. Qxa5 Bxb5 29. Qxb5 Na8 30. Nf5 Rf7 31. Qxb7 c6 32. Qb3 c5 33. c4 Rb8 34. Qa2 Rfb7 35. Rd2 Nb6 36. Rc2 Na4 37. b4 cxb4 38. axb4 Rxb4 39. Kd2 Nb2 40. Qa6 Ra4 41. Qxd6 Nxc4+ 42. Rxc4 Rxc4 43. Ke2 Qxd6 44. Nxd6 Rc2+ 45. Bd2 Rbb2 46. Rc1 Rxd2+ 47. Kf1 Rdc2 48. Ra1 Rf2+ 49. Ke1 Rxg2 50. Kf1 Rgf2+ 51. Ke1 Rxf3 0-1

[Event "Florianopolis op 9th"]
[Site "Florianopolis"]
[Date "2023.01.23"]
[Round "1"]
[White "Tamayo, Jose Luis"]
[Black "Miranda, Bianca"]
[Result "1/2-1/2"]
[WhiteElo "1805"]
[BlackElo "1800"]
[PlyCount "189"]
[EventDate "2023.01.23"]
[EventType "swiss"]
[EventRounds "10"]
[EventCountry "BRA"]
[SourceTitle "CBM 212 Extra"]
[Source "ChessBase"]
[SourceDate "2023.03.31"]
[SourceVersion "1"]
[SourceVersionDate "2023.03.31"]
[SourceQuality "1"]

1. e4 d5 2. exd5 Qxd5 3. Nc3 Qd6 4. Nf3 Nf6 5. d4 c6 6. h3 g6 7. Bc4 Bg7 8. 0-0 0-0 9. Re1 Nbd7 10. Bb3 e6 11. Ne2 Qe7 12. Ng3 b5 13. a4 Bb7 14. axb5 cxb5 15. Qe2 a6 16. Bg5 Qd6 17. c3 b4 18. Qd2 bxc3 19. bxc3 Bxf3 20. gxf3 Qc6 21. Kg2 Nb6 22. Qd3 a5 23. Bd2 a4 24. Ba2 Rfc8 25. Ne4 Nfd5 26. Rac1 Nc4 27. Nc5 Nxd2 28. Qxd2 Qd6 29. Bxd5 Qxd5 30. Qc2 a3 31. Qe4 Qg5+ 32. Kf1 a2 33. Ra1 Qd2 34. Qe3 Qb2 35. Qc1 Rcb8 36. Qxb2 Rxb2 37. Re2 Rb1+ 38. Re1 Rxa1 39. Rxa1 e5 40. Nb3 Rb8 41. Rxa2 Rxb3 42. Ra8+ Bf8 43. dxe5 Rxc3 44. Kg2 Kg7 45. Ra7 Rc6 46. Ra4 g5 47. f4 Kg6 48. fxg5 Kxg5 49. Kg3 h5 50. h4+ Kf5 51. Rf4+ Kxe5 52. Rxf7 Rf6 53. Rb7 Bd6 54. Rb5+ Ke4+ 55. Kg2 Rf5 56. f3+ Rxf3 57. Rxh5 Rg3+ 58. Kf2 Rg6 59. Rg5 Rf6+ 60. Ke2 Rh6 61. h5 Bf4 62. Ra5 Be5 63. Ra4+ Kf5 64. Rh4 Kg5 65. Rh1 Bg3 66. Kf3 Bh4 67. Ke4 Kxh5 68. Kf5 Rf6+ 69. Ke5 Rf2 70. Ke4 Kg4 71. Rg1+ Bg3 72. Ke3 Rf7 73. Rb1 Re7+ 74. Kd3 Kf3 75. Rb3 Bf2 76. Kc4+ Ke4 77. Rh3 Rc7+ 78. Kb3 Be3 79. Kb4 Rb7+ 80. Kc4 Rc7+ 81. Kb5 Bd4 82. Rh4+ Kd5 83. Rh5+ Be5 84. Kb6 Rc1 85. Kb7 Rb1+ 86. Kc8 Kd6 87. Rh6+ Ke7 88. Rb6 Rc1+ 89. Kb7 Kd7 90. Rb3 Bd4 91. Rb4 Rc7+ 92. Kb8 Ba7+ 93. Ka8 Bc5 94. Rb7 Rxb7 95. Kxb7 1/2-1/2